|
|
|
|
| LEADER |
00000nam0a2200000 4500 |
| 001 |
18787 |
| 005 |
20231101205230.0 |
| 010 |
|
|
|a 5010040719
|
| 035 |
|
|
|a (RuTPU)RU\TPU\book\18941
|
| 035 |
|
|
|a BOOK00003629
|
| 090 |
|
|
|a 18787
|
| 100 |
|
|
|a 20011209d1994 m y0rusy50 ca
|
| 101 |
0 |
|
|a rus
|
| 102 |
|
|
|a RU
|
| 105 |
|
|
|a y j 000zy
|
| 200 |
1 |
|
|a Lingua Latina: Введение в латинский язык и античную культуру
|h Ч. 1
|e учебное пособие
|f А. В. Подосинов, Н. И. Щавелева
|
| 210 |
|
|
|a Москва
|c Прогресс
|d 1994
|
| 215 |
|
|
|a 192 с.
|
| 606 |
1 |
|
|a Латинский язык
|2 stltpush
|3 (RuTPU)RU\TPU\subj\39876
|9 59775
|
| 606 |
1 |
|
|a Античная культура
|x История
|2 stltpush
|3 (RuTPU)RU\TPU\subj\64972
|9 81638
|
| 610 |
1 |
|
|a культура
|
| 610 |
1 |
|
|a учебные пособия
|
| 686 |
|
|
|a Ш146
|v LBC/SL-A
|2 rubbk
|
| 686 |
|
|
|a Т3(0)32-7я7
|v LBC/SL-A
|2 rubbk
|
| 700 |
|
1 |
|a Подосинов
|b А. В.
|g Александр Васильевич
|
| 701 |
|
1 |
|a Щавелева
|b Н. И.
|g Наталия Ивановна
|
| 801 |
|
0 |
|a RU
|b 63413507
|c 20011209
|g PSBO
|
| 801 |
|
2 |
|a RU
|b 63413507
|c 20230324
|g PSBO
|
| 942 |
|
|
|c BK
|